| 000 | 00868nam a2200265Ia 4500 | ||
|---|---|---|---|
| 003 | OSt | ||
| 005 | 20220930185249.0 | ||
| 006 | a|||||r|||| 00| 0 | ||
| 007 | ta | ||
| 008 | 220926b |||||||| |||| 00| 0 eng d | ||
| 020 |
_a9780415777018 (pbk) _c1604.70 |
||
| 024 | _a600 | ||
| 037 |
_bBW/00440, 30/01/2009, Book Age Distributors _cTextbook |
||
| 040 |
_aCRL _cCRL _beng |
||
| 041 |
_2eng _aeng |
||
| 082 | _aW0z0171, P8 | ||
| 100 | _aShaw Karena | ||
| 245 | 0 |
_aIndigeneity and political theory _b Sovereignty and the limits of the political |
|
| 260 |
_aLondon _bRoutledge UK _c2008 |
||
| 300 |
_aviii, 247p. _ccm. |
||
| 490 | _aRoutledge issues in contemporary Political theory | ||
| 650 | _aPOLITICAL SCIENCE | ||
| 942 |
_hW0z0171, P8 _cTB _2CC |
||
| 999 |
_c889851 _d889851 |
||